| 000 | 00651cam a22002293a 4500 | ||
|---|---|---|---|
| 001 | 32065 | ||
| 003 | PGUSA | ||
| 005 | 20140828083708.0 | ||
| 008 | 100419s2010||||xxu|||||s|||||000 | eng d | ||
| 040 |
_aPGUSA _beng |
||
| 042 | _adc | ||
| 050 | 4 | _aTK | |
| 100 | 1 | _aLebert, Marie | |
| 245 | 1 | 0 |
_aLes langues sur le web _h[electronic resource] / _cMarie Lebert |
| 260 |
_bProject Gutenberg, _c2010 |
||
| 506 | _aCopyrighted. Read the copyright notice inside this book for details. | ||
| 516 | _aElectronic text | ||
| 653 | _aWorld Wide Web | ||
| 830 | 0 |
_aProject Gutenberg _v32065 |
|
| 856 | 4 | 0 | _uhttp://www.gutenberg.org/ebooks/32065 |
| 942 | _cEB | ||
| 999 |
_c261320 _d261320 |
||